| 000 | 00939cam a22003018a 4500 | ||
|---|---|---|---|
| 001 | 16820208 | ||
| 003 | OSt | ||
| 005 | 20140310182656.0 | ||
| 008 | 110610s2012 cau b 001 0 eng | ||
| 010 | _a 2011024471 | ||
| 020 | _a9789814296816 | ||
| 040 |
_aDLC _cDLC |
||
| 042 | _apcc | ||
| 050 | 0 | 0 |
_aHA 29 _b.P755 2012 |
| 082 | 0 | 0 |
_aM 150.151 _bG775 2012 |
| 100 | 1 | _aPrivitera, Gregory J. | |
| 245 | 1 | 0 |
_aStatistics for the behavioral sciences / _cGregory J. Privitera. |
| 260 |
_aThousand Oaks : _bSAGE, _c2012. |
||
| 263 | _a1111 | ||
| 300 |
_a779 p. : _bill. ; _c23 cm. |
||
| 521 | _aPSYCH | ||
| 650 | 0 |
_aSocial sciences _xStatistical methods. |
|
| 650 | 0 |
_aPsychology _xStatistical methods. |
|
| 906 |
_a0 _bvip _corignew _d1 _eecip _f20 _gy-gencatlg |
||
| 942 |
_2lcc _cBK _kFOR |
||
| 999 |
_c15116 _d15116 |
||